| 000 | 00385nam a22001337a 4500 | ||
|---|---|---|---|
| 082 |
_a491.4395 _bSAI _cL-29, P-4 |
||
| 100 |
_aSaighal , Munshi P.C _938912 |
||
| 245 | _aSaighal's Hindustani grammar. | ||
| 260 |
_aWellington Printing Works _bCalcutta |
||
| 300 |
_axxvi, 218 p, : _bill, : _c10 Cm |
||
| 526 |
_a0 _b0 _c0 _d491_439500000000000_SAI |
||
| 650 |
_aMCE _9379 |
||
| 942 |
_2ddc _cBK |
||
| 999 |
_c543526 _d543526 |
||